A magyar állami egészségügyi ellátórendszer előirányzat- és pénzgazdálkodásában végbemenő változás aktuális kérdései

Bibliográfiai részletek
Szerző: Csala Elvira
Dokumentumtípus: Könyv része
Megjelent: Budapesti Gazdaságtudományi Egyetem Budapest 2025
Sorozat:II. Dr. Sztanó Imre Emlékkonferencia
Tárgyszavak:
doi:10.29180/978-615-6886-22-4_4

Online Access:http://publikaciotar.uni-bge.hu/2598

MARC

LEADER 00000naa a2200000 i 4500
001 publ2598
005 20260129142806.0
008 260129s2025 hu o 000 zxx d
020 |a 978-615-6886-22-4 
024 |a 10.29180/978-615-6886-22-4_4  |2 doi 
040 |a BGE Publikációtár Repozitórium  |b hun 
100 1 |a Csala Elvira 
245 1 2 |a A magyar állami egészségügyi ellátórendszer előirányzat- és pénzgazdálkodásában végbemenő változás aktuális kérdései  |c Csala Elvira  |h [elektronikus dokumentum] 
260 |a Budapesti Gazdaságtudományi Egyetem  |b Budapest  |c 2025 
300 |a 1-11 
490 0 |a II. Dr. Sztanó Imre Emlékkonferencia 
520 3 |a A költségvetési szervezeteket érintő államháztartási számviteli-, kincstári számlavezetési- és előirányzat gazdálkodási rendszerben történt változások a közfinanszírozott egészségügyi rendszer gazdálkodásában is jelentős fejlődést eredményeztek. A jogszabályi környezetben történő változtatások a gazdasági események egységes elszámolása, az eredményszemléletű könyvvitel és a vezetői információs rendszerben kulcsszerepet játszó kontrolling folyamatok szerepének erősödése felé irányulnak. Tanulmányom bemutatja az államháztartási gazdálkodás- és számvitel területén végbement átalakulási folyamat főbb szabályozási mérföldköveit, ezek hatását és a rendelkezések végrehajtását biztosító informatikai fejlesztések főbb irányvonalát és várható eredményeit. Az egészségügyi helyzetének átfogó bemutatásától kezdve néhány konkrét példáig bezárólag kitér az ágazatra jellemző néhány speciális gazdasági esemény elszámolására és értékelésére. 
650 4 |a közgazdaságtudományok 
856 4 0 |u https://publikaciotar.uni-bge.hu/id/eprint/2598/1/Dr.%20Sztan%C3%B3%20Imre%20Elml%C3%A9kkonferencia_konferenciak%C3%B6tet_4.pdf  |z Dokumentum-elérés